Высокоэфективная жидкостная хроматография моносахаридов, меченных этиловым эфиром 4-аминобенойной кислоты; Химия и химическая технология в XXI веке; Т. 1

Xehetasun bibliografikoak
Parent link:Химия и химическая технология в XXI веке: материалы XXIV Международной научно-практической конференции студентов и молодых ученых имени выдающихся химиков Л. П. Кулёва и Н. М. Кижнера, посвященной 85-летию со дня рождения профессора А. В. Кравцова, Томск, 15-19 мая 2023 г./ Национальный исследовательский Томский политехнический университет (ТПУ) ; Инженерная школа природных ресурсов ; Инженерная школа новых производственных технологий ; Исследовательская школа химических и биомедицинских технологий ; Инженерная школа ядерных технологий.— , 2023
Т. 1.— 2023.— [С. 387-388]
Egile nagusia: Горобец Е. А.
Erakunde egilea: Национальный исследовательский Томский политехнический университет Инженерная школа природных ресурсов Отделение химической инженерии
Beste egile batzuk: Зыкова З. В. (научный руководитель), Петраков А. И., Кривощеков С. В. Сергей Владимирович
Gaia:Заглавие с титульного экрана
Hizkuntza:errusiera
Argitaratua: 2023
Saila:Теоретические и прикладные аспекты физической и аналитической химии
Gaiak:
Sarrera elektronikoa:http://earchive.tpu.ru/handle/11683/76677
Formatua: Baliabide elektronikoa Liburu kapitulua
KOHA link:https://koha.lib.tpu.ru/cgi-bin/koha/opac-detail.pl?biblionumber=635850

MARC

LEADER 00000naa2a2200000 4500
001 635850
005 20231101133901.0
035 |a (RuTPU)RU\TPU\conf\37707 
035 |a RU\TPU\conf\37704 
090 |a 635850 
100 |a 20230620d2023 k y0rusy50 ca 
101 0 |a rus 
102 |a RU 
105 |a y z 101zy 
135 |a drgn ---uucaa 
181 0 |a i  
182 0 |a b 
200 1 |a Высокоэфективная жидкостная хроматография моносахаридов, меченных этиловым эфиром 4-аминобенойной кислоты  |f Е. А. Горобец, З. В. Зыкова, А. И. Петраков  |g науч. рук. С. В. Кривощеков 
203 |a Текст  |c электронный 
225 1 |a Теоретические и прикладные аспекты физической и аналитической химии 
230 |a 1 компьютерный файл (pdf; 1 141 Kb) 
300 |a Заглавие с титульного экрана 
320 |a [Библиогр.: с. 388 (2 назв.)] 
461 1 |0 (RuTPU)RU\TPU\conf\37590  |t Химия и химическая технология в XXI веке  |o материалы XXIV Международной научно-практической конференции студентов и молодых ученых имени выдающихся химиков Л. П. Кулёва и Н. М. Кижнера, посвященной 85-летию со дня рождения профессора А. В. Кравцова, Томск, 15-19 мая 2023 г.  |o в 2 т.  |f Национальный исследовательский Томский политехнический университет (ТПУ) ; Инженерная школа природных ресурсов ; Инженерная школа новых производственных технологий ; Исследовательская школа химических и биомедицинских технологий ; Инженерная школа ядерных технологий  |d 2023 
463 1 |0 (RuTPU)RU\TPU\conf\37591  |t Т. 1  |v [С. 387-388]  |d 2023 
610 1 |a труды учёных ТПУ 
610 1 |a электронный ресурс 
610 1 |a высокоэффективная жидкостная хроматография 
610 1 |a моносахариды 
610 1 |a этиловые эфиры 
610 1 |a полисахариды 
610 1 |a дериватизация 
700 1 |a Горобец  |b Е. А. 
701 1 |a Зыкова  |b З. В. 
701 1 |a Петраков  |b А. И. 
702 1 |a Кривощеков  |b С. В.  |c химик  |c инженер Томского политехнического университета  |f 1987-  |g Сергей Владимирович  |2 stltpush  |4 727 
712 0 2 |a Национальный исследовательский Томский политехнический университет  |b Инженерная школа природных ресурсов  |b Отделение химической инженерии  |h 8085  |2 stltpush  |3 (RuTPU)RU\TPU\col\23513 
801 2 |a RU  |b 63413507  |c 20230731  |g RCR 
856 4 |u http://earchive.tpu.ru/handle/11683/76677 
942 |c BK